00886nam a2200217 a 450000100100000000500170001000800410002702000150006804000250008308200150010810000340012324500610015725000110021826000350022930000200026404900090028495201270029395201130042095201180053399900170065100002583520200930024103.0110223s2002 dr 000 0 spa d a9993449040 aDO-SdBNPbspacBNPHU axxxbG633h1 aGómez Ricourt, Rafaela926714aLos hechos poderosos de Dios /cRafaela Gómez Ricourt. a3a ed. aSanto Domingo :bGente,c2002. a46 p. ;c22 cm. aBNPD 001054708DSaGRbGRcCTd2011-02-23iLF1l0oxxx G633hp25835-30r2020-06-25te.3w2020-06-25yLFDSZPréstamo en sala 0010718PDaPDbPDcCTd2011-02-23iLF1l0oxxx G633hp25835-10r2020-06-25w2020-06-25yLFPDZNo se presta 0010718PDaPDbPDcCTd2011-02-23iLF1l0oxxx G633hp25835-20r2020-06-25te.2w2020-06-25yLFPDZNo se presta c25327d25327